| 000 | 00469nam a2200205Ia 4500 | ||
|---|---|---|---|
| 005 | 20250425162747.0 | ||
| 008 | 250425s9999 xx 000 0 und d | ||
| 020 | _a8470871285 | ||
| 041 | _aspa | ||
| 082 | _a658.822 | ||
| 100 | _aPAUZIN, JEAN | ||
| 245 | 0 | _aMARKETING Y VENTAS: PROMOCION COMERCIAL | |
| 250 | _a2A ED. | ||
| 260 |
_aEspaƱa _bDISTRESA _c1982 |
||
| 260 | _aMADRID | ||
| 300 | _a190 | ||
| 650 | _aMARKETING | ||
| 942 | _c01 | ||
| 010 | _a106086 | ||
| 999 |
_c235864 _d235864 |
||